Music Quiz

Random Music or Clickable Quiz

Last songs of Kiss albums Quiz Stats

 Plays Quiz not verified by Sporcle

Score 0/20 Timer 10:00
0 Plays Today
% Correct
Creatures Of The Night
92.2%
Kiss
90.9%
Dressed To Kill
89.6%
Asylum
87%
Revenge
85.7%
Destroyer
84.4%
Love Gun
84.4%
Music From The Elder
84.4%
Hotter Than Hell
83.1%
Rock And Roll Over
81.8%
% Correct
Hot In The Shade
80.5%
Animalize
79.2%
Crazy Nights
79.2%
Lick It Up
79.2%
Carnival of Souls
77.9%
Psycho Circus
76.6%
Sonic Boom
75.3%
Dynasty
74%
Unmasked
72.7%
Monster
68.8%

You're not logged in!

Compare scores with friends on all Sporcle quizzes.
OR
Log In

Sporcle TV

Today on Sporcle TV


Watch our educational content, quiz creation guides, and fun videos on Sporcle TV.

Show Comments

Extras

Top Quizzes Today


Score Distribution

Your Account Isn't Verified!

In order to create a playlist on Sporcle, you need to verify the email address you used during registration. Go to your Sporcle Settings to finish the process.

Report this User

Report this user for behavior that violates our Community Guidelines.

Details: